00690nam a2200229 a 4500001001300000003000900013005001700022008004100039020001000080082001500090100002400105245005200129260004400181300000900225500003500234650001900269700002400288902000800312942000700320952011600327999001700443nice12345678IN_TiNIC20260116014753.0080915s2004 dela grp 000 0 urd  ac25000a297.8bQAS aQasmi, Ataur-Rahman aImam Shah Waliullah Awr Un Ke Afkaar-O-nazriyat aDelhi bShah Waliullah Institute c2004 a477p aincludes index and biblioraphy aShah Waliullah1 aQasmi, Ataur-Rahman bSRS cBK 001040708StackRoom-aHMIbHMId2008-09-15g250.00l0o297.8 QASp022489r2008-09-15v250.00w2008-09-15yBK c16874d16874